Cycnoches de Colombia (Registro nro. 13525)

Detalles MARC
000 -CABECERA
Campo de control 002620000a22001090004500
090 ## - CLASIFICACIÓN LOCAL
Colección AR
Consecutivo 04427
041 0# - IDIOMA
Código de idioma para texto/pista de sonido o título separado
100 1# - ASIENTO PRINCIPAL--NOMBRE PERSONAL
Nombre personal Carr, George F.
245 10 - MENCION DE TITULO
Título Cycnoches de Colombia
773 1# - Item fuente:
Título Orquideología
Descripción física 2
Paginas del Articulo 138-150
Lugar, editorial y fecha de publicación 2002
Información sobre la relación 22
942 ## - ELEMENTOS ADICIONALES (KOHA)
Tipo de ítem Artículo
Existencias
Withdrawn status Lost status Damaged status No para préstamo Colección Ubicación Permanente Ubicación actual Fecha de adquisición Fuente de Valor Datos de publicación Seriada Total Checkouts Número topográfico Inventario / Código de Barras Date last seen Ejemplar Price effective from Forma de adquisición Tipo de material
      No para Préstamo Hemeroteca Bogotá Bogotá 27/08/2007 Calderón, Eduardo Fuera de circulación   AR 04427 025125 25/03/2015 1 25/03/2015   Artículo